| 000 | 00430nam a22001577a 4500 | ||
|---|---|---|---|
| 999 |
_c12313 _d12313 |
||
| 008 | 210128b ||||| |||| 00| 0 eng d | ||
| 082 | 0 | 0 |
_a621.38413 _bC2777 |
| 100 |
_94487 _aCaringella, Charles |
||
| 245 | 1 | 0 |
_aAmateur radio mobile handbook _cBy Charles Caringella |
| 250 | _a1st ed. | ||
| 260 |
_aSlough _bW. Foulsham & Co. _c1967 |
||
| 300 | _a136 p. | ||
| 365 | _d18.00 | ||
| 650 | 0 | _aMobile Radio Station | |
| 942 | _cBK | ||